000 00533nam a22001937a 4500
003 KOHA_MİRAKIL
005 20251024142555.0
008 251024b tu ||||| |||| 00| 0 tur d
020 _a9786052650554
040 _aTR-AnABB
_btur
_cTR-AnABB
041 _atur
082 _a891.733
_bBUL 2023
100 1 _aBulgakov, Mihail,
245 1 0 _aBeyaz muhafız /
_cMihail Bulgakov
260 _aİstanbul :
_bİthaki Yayınları,
_c2023
300 _a386 sayfa ;
_c20 cm
650 0 4 _aRus edebiyatı, roman
942 _2ddc
_cBK
999 _c9205
_d9205
900 _bGizem YORULMAZ